00555nam a22001937a 4500003000400000020001500004082001900019100002300038245009500061260006100156300001000217546001200227650002200239650002100261650001900282650002100301650002000322700001900342OSt a087006228X a629.03bTOB/GO aToboldt, William K a Automotive encyclopedia:bfundamental principles ,operation, construction, service repair aSouth HollandbThe Goodheart Willcox Company, INC.c1977 a791p. aEnglish aFastening devices aAuto shop safety aFuel injection aEmission control aWheel alignment aJohnson, Larry